| 000 | 02051nam0a2200349 4500 | ||
|---|---|---|---|
| 001 | RU\NLR\BIBL_A\022367083 | ||
| 005 | 20260420020613.0 | ||
| 010 |
_a978-5-7609-1933-5 _9100 |
||
| 021 |
_aRU _bКН-П-24-055404 _9КН-П-24-5517 |
||
| 035 | _a(NLR Aleph) 022367083 | ||
| 090 |
_a13668654 _c13668654 |
||
| 100 | _a20241029d2024 k y0rusy50 ca | ||
| 101 | 0 | _arus | |
| 102 | _aRU | ||
| 105 | _aa z 000yy | ||
| 181 | 0 |
_ai _baxxe |
|
| 182 | 0 | _an | |
| 200 | 1 |
_aКонституционно-правовой статус Русской православной церкви Московского патриархата _eмонография _fГригорий Дмитриевич Борисов _gотв. ред. и предисловие: д. ю. н., проф. В. И. Крусс _gМинистерство науки и высшего образования Российской Федерации, Федеральное государственное бюджетное образовательное учреждение высшего образования "Тверской государственный университет" |
|
| 203 |
_aТекст _bвизуальный _cнепосредственный |
||
| 210 |
_aТверь _cИзд-во Тверского государственного университета _d2024 |
||
| 215 |
_a95 с. _cил. _d20 |
||
| 320 | _aБиблиогр.: с. 81–93 и в подстроч. примеч. | ||
| 601 | 0 | 2 |
_aРусская православная церковь _xПравовой статус _yРоссийская Федерация _92123556 _3RU\NLR\AUTH\661585768 |
| 686 | 1 | _aХ620.323.2 | |
| 700 | 1 |
_aБорисов _bГ. Д. _cюрист _f-2023 _gГригорий Дмитриевич _3RU\NLR\AUTH\770275409 |
|
| 712 | 0 | 2 |
_4570 _aРусская православная церковь _9349131 _3RU\NLR\AUTH\889926700 |
| 942 | _cBOOK | ||
| 980 | _aNB | ||